[Event "Mistrzostwa Polski Niewidomych"]
[Site "Wagrowiec, ul. Jeziorna 16 OR"]
[Date "2018.??.??"]
[Round "1.1"]
[White "Czajkowski, Adam"]
[Black "Hagner, Pawel"]
[Result "1-0"]
[WhiteElo "2223"]
[BlackElo "1698"]
[PlyCount "49"]
[EventDate "2018.??.??"]

1. e4 d6 2. d4 Nf6 3. Nc3 g6 4. Be3 Bg7 5. Qd2 c6 6. f3 a6 7. g4 b5 8. g5 Nfd7
9. h4 Qa5 10. h5 b4 11. Nce2 c5 12. h6 Bf8 13. d5 Ne5 14. Ng3 Bd7 15. f4 Ng4
16. Be2 Nxe3 17. Qxe3 b3+ 18. Kf2 bxc2 19. Nf3 Bg4 20. e5 Bxf3 21. Bxf3 Qb6 22.
b3 Nd7 23. e6 fxe6 24. dxe6 Ne5 25. fxe5 1-0

[Event "Mistrzostwa Polski Niewidomych"]
[Site "Wagrowiec, ul. Jeziorna 16 OR"]
[Date "2018.??.??"]
[Round "1.2"]
[White "Zelajtys, Jozef"]
[Black "Dukaczewski, Piotr"]
[Result "0-1"]
[WhiteElo "1665"]
[BlackElo "2221"]
[PlyCount "35"]
[EventDate "2018.??.??"]

1. e4 d6 2. d4 Nf6 3. Nc3 g6 4. Nf3 Bg7 5. Be2 O-O 6. O-O c6 7. Bg5 h6 8. Bd2
b5 9. Qc1 Kh7 10. Bd3 Bb7 11. Ne2 Nbd7 12. Ng3 e5 13. c3 a6 14. h3 Re8 15. Re1
exd4 16. cxd4 c5 17. Bf4 cxd4 18. Bxd6 {(28)} 0-1

[Event "Mistrzostwa Polski Niewidomych"]
[Site "Wagrowiec, ul. Jeziorna 16 OR"]
[Date "2018.??.??"]
[Round "1.3"]
[White "Stachanczyk, Jacek"]
[Black "Zarow, Zdzislaw"]
[Result "1-0"]
[WhiteElo "2193"]
[BlackElo "1663"]
[PlyCount "31"]
[EventDate "2018.??.??"]

1. e4 e5 2. Nf3 Nf6 3. Nxe5 d6 4. Nf3 Nxe4 5. d4 Be7 6. Bd3 d5 7. O-O O-O 8. c4
f5 9. cxd5 Qxd5 10. Ne5 Be6 11. Bc4 Qd6 12. Qb3 Ng5 13. Bxg5 Bxc4 14. Qxc4+ Kh8
15. Nf7+ Rxf7 16. Qxf7 1-0

[Event "Mistrzostwa Polski Niewidomych"]
[Site "Wagrowiec, ul. Jeziorna 16 OR"]
[Date "2018.??.??"]
[Round "1.4"]
[White "Bojczewski, Mateusz"]
[Black "Chojnowski, Marcin"]
[Result "1-0"]
[WhiteElo "1662"]
[BlackElo "2094"]
[PlyCount "107"]
[EventDate "2018.??.??"]

1. e4 c5 2. Nf3 d6 3. d4 cxd4 4. Qxd4 Nf6 5. c4 Nc6 6. Qd3 e6 7. Nc3 Be7 8. Bf4
h6 9. Be2 a6 10. Rd1 e5 11. Be3 O-O 12. O-O Be6 13. Nd5 Bxd5 14. cxd5 Nb8 15.
h3 Nbd7 16. Rc1 Nh5 17. Rc3 Nf4 18. Bxf4 exf4 19. Rfc1 Bf6 20. R3c2 Re8 21. b4
Qb6 22. Rc7 Rad8 23. Qc4 Nc5 24. Rxc5 dxc5 25. bxc5 Qc7 26. Bd3 Rc8 27. Qb4 Be7
28. Rb1 Bxc5 29. Qxb7 a5 30. e5 Red8 31. d6 Qxb7 32. Rxb7 Rb8 33. Rc7 Bb6 34.
Re7 Re8 35. Bb5 Rf8 36. Ba4 Bd8 37. Rd7 Rb4 38. Bb3 Bb6 39. Nh4 a4 40. Bd5 Rb1+
41. Kh2 Bxf2 42. Nf5 g6 43. Bxf7+ Rxf7 44. Nxh6+ Kg7 45. Rxf7+ Kxh6 46. Rxf4
Bg1+ 47. Kg3 Rd1 48. h4 Rd5 49. Re4 Bc5 50. Kf4 a3 51. Rc4 Bg1 52. Rc8 Rd4+ 53.
Kg3 Kg7 54. e6 1-0

[Event "Mistrzostwa Polski Niewidomych"]
[Site "Wagrowiec, ul. Jeziorna 16 OR"]
[Date "2018.??.??"]
[Round "1.5"]
[White "Suder, Ryszard"]
[Black "Oberc, Ryszard"]
[Result "1-0"]
[WhiteElo "2063"]
[BlackElo "1640"]
[PlyCount "41"]
[EventDate "2018.??.??"]

1. Nf3 Nf6 2. g3 d5 3. d4 Nc6 4. Bg2 Bg4 5. O-O e6 6. c4 dxc4 7. Qa4 Bd6 8. Ne5
Bxe5 9. dxe5 Nd7 10. Bxc6 bxc6 11. Qxc4 Bf5 12. Qxc6 O-O 13. f4 Nb6 14. Nc3 Nd5
15. Rd1 Qe7 16. Nxd5 exd5 17. Be3 Rfd8 18. Rxd5 Rxd5 19. Qxa8+ Qd8 20. Qxa7 Be4
21. Qa4 1-0

[Event "Mistrzostwa Polski Niewidomych"]
[Site "Wagrowiec, ul. Jeziorna 16 OR"]
[Date "2018.??.??"]
[Round "1.6"]
[White "Wyrzykowski, Jozef"]
[Black "Migala, Andrzej"]
[Result "0-1"]
[WhiteElo "1635"]
[BlackElo "2030"]
[PlyCount "85"]
[EventDate "2018.??.??"]

1. c4 c5 2. Nc3 Nc6 3. g3 Nf6 4. Bg2 g6 5. Nf3 e5 6. e4 d6 7. d3 Bg7 8. Bg5 h6
9. Bd2 O-O 10. Qc1 Kh7 11. O-O Rb8 12. a3 a6 13. Rb1 b5 14. cxb5 axb5 15. Na2
Be6 16. b3 Qd7 17. Qc2 Ra8 18. Qb2 Qa7 19. Nc3 b4 20. Nb5 Qb6 21. a4 Na5 22. d4
exd4 23. Nfxd4 cxd4 24. Nxd4 Ng4 25. Be3 Nxe3 26. fxe3 Rac8 27. Qd2 Bxd4 28.
exd4 Nxb3 29. Qe3 Rc3 30. Qf2 Bc4 31. Rfd1 Kg7 32. h4 h5 33. Bf3 Qa7 34. g4
hxg4 35. Bxg4 Qxa4 36. h5 Qe8 37. hxg6 fxg6 38. Qg2 Qf7 39. d5 Qf4 40. Rf1 Bxf1
41. Rxf1 Qxf1+ 42. Qxf1 Rxf1+ 43. Kxf1 0-1

[Event "Mistrzostwa Polski Niewidomych"]
[Site "Wagrowiec, ul. Jeziorna 16 OR"]
[Date "2018.??.??"]
[Round "1.7"]
[White "Pawelec, Bartosz"]
[Black "Kulik, Roman"]
[Result "1-0"]
[WhiteElo "1995"]
[BlackElo "1623"]
[PlyCount "49"]
[EventDate "2018.??.??"]

1. d4 d5 2. Bg5 Nf6 3. Nd2 e6 4. Ngf3 Be7 5. e3 O-O 6. Bd3 Nbd7 7. O-O Re8 8.
a4 Nf8 9. a5 a6 10. Ne5 N6d7 11. Bxe7 Qxe7 12. f4 f6 13. Nxd7 Bxd7 14. Nf3 Red8
15. c4 c6 16. Qb3 Bc8 17. e4 dxe4 18. Bxe4 Qc7 19. g3 Kh8 20. Qc3 Rd7 21. Rae1
Rd8 22. Rf2 c5 23. dxc5 Qxc5 24. b4 Qc7 25. c5 1-0

[Event "Mistrzostwa Polski Niewidomych"]
[Site "Wagrowiec, ul. Jeziorna 16 OR"]
[Date "2018.??.??"]
[Round "1.8"]
[White "Bzowski, Grzegorz"]
[Black "Wolanski, Michal"]
[Result "0-1"]
[WhiteElo "1621"]
[BlackElo "1952"]
[PlyCount "32"]
[EventDate "2018.??.??"]

1. Nf3 c5 2. g3 g6 3. Bg2 Bg7 4. O-O Nf6 5. c4 O-O 6. Nc3 Nc6 7. a3 d5 8. e3
Bg4 9. cxd5 Nxd5 10. Qc2 Rc8 11. d3 Nc7 12. Bd2 Bf5 13. e4 Be6 14. Be3 Na5 15.
Nd2 Qd7 16. Bxc5 Nb5 0-1

[Event "Mistrzostwa Polski Niewidomych"]
[Site "Wagrowiec, ul. Jeziorna 16 OR"]
[Date "2018.??.??"]
[Round "1.9"]
[White "Wojcieszyn, Zdzislaw"]
[Black "Gryglewicz, Tadeusz"]
[Result "1-0"]
[WhiteElo "1887"]
[BlackElo "1601"]
[PlyCount "81"]
[EventDate "2018.??.??"]

1. c4 Nf6 2. g3 g6 3. Bg2 Bg7 4. Nc3 Nc6 5. d4 e5 6. d5 Ne7 7. d6 Nf5 8. dxc7
Qxc7 9. b3 O-O 10. Nb5 Qb6 11. e4 a6 12. Nc3 Ne7 13. Nge2 d6 14. O-O Ne8 15.
Bg5 f6 16. Be3 Qc7 17. Na4 Rb8 18. Rc1 b6 19. Nec3 Be6 20. Nd5 Bxd5 21. cxd5
Qd8 22. Qd2 b5 23. Nb2 Rf7 24. Rc2 f5 25. f3 fxe4 26. fxe4 Rxf1+ 27. Bxf1 Rc8
28. Bh3 Rxc2 29. Qxc2 Nf6 30. a4 h5 31. b4 Kh7 32. axb5 axb5 33. Bf1 Ng4 34.
Bg5 Qb6+ 35. Kh1 Ng8 36. Nd1 Qd4 37. Kg2 N8f6 38. h3 Nh6 39. Nf2 Qxb4 40. Bd2
Qa4 41. Qc6 1-0

[Event "Mistrzostwa Polski Niewidomych"]
[Site "Wagrowiec, ul. Jeziorna 16 OR"]
[Date "2018.??.??"]
[Round "1.10"]
[White "Binkowski, Kazimierz"]
[Black "Staruch, Roman"]
[Result "0-1"]
[WhiteElo "1600"]
[BlackElo "1880"]
[PlyCount "64"]
[EventDate "2018.??.??"]

1. c4 e5 2. Nc3 Nf6 3. d3 Bb4 4. Bd2 Nc6 5. g3 O-O 6. Bg2 d6 7. a3 Bxc3 8. Bxc3
Bg4 9. b4 Rb8 10. b5 Nd4 11. a4 Qd7 12. a5 a6 13. Bxd4 exd4 14. Rb1 d5 15. b6
c5 16. Nf3 Rfe8 17. O-O dxc4 18. dxc4 Ne4 19. Qc2 Nc3 20. Rbe1 Bf5 21. Qd2 Qe6
22. e3 Qxc4 23. exd4 Ne2+ 24. Kh1 cxd4 25. Nh4 Be4 26. f3 Bc6 27. Rf2 d3 28.
Bf1 Re5 29. Bxe2 Rbe8 30. Rc1 dxe2 31. Rxc4 e1=Q+ 32. Kg2 g6 0-1

[Event "Mistrzostwa Polski Niewidomych"]
[Site "Wagrowiec, ul. Jeziorna 16 OR"]
[Date "2018.??.??"]
[Round "1.11"]
[White "Pociejowski, Marek"]
[Black "Jagiello, Jerzy"]
[Result "1-0"]
[WhiteElo "1853"]
[BlackElo "1579"]
[PlyCount "45"]
[EventDate "2018.??.??"]

1. d4 e6 2. c4 c5 3. d5 h6 4. Nc3 Nf6 5. e4 d6 6. f4 exd5 7. cxd5 Be7 8. Nf3
O-O 9. Be2 Qa5 10. O-O Bg4 11. h3 Bxf3 12. Bxf3 Re8 13. e5 Nfd7 14. e6 Nf6 15.
exf7+ Kxf7 16. Bd2 Qb6 17. g4 Kg8 18. g5 hxg5 19. fxg5 Nh7 20. Be4 Nxg5 21. Qh5
Nd7 22. Bxg5 Bxg5 23. Qh7# 1-0

[Event "Mistrzostwa Polski Niewidomych"]
[Site "Wagrowiec, ul. Jeziorna 16 OR"]
[Date "2018.??.??"]
[Round "1.12"]
[White "Malcer, Joanna"]
[Black "Kulpinski, Piotr"]
[Result "0-1"]
[WhiteElo "1567"]
[BlackElo "1852"]
[PlyCount "43"]
[EventDate "2018.??.??"]

1. e4 c5 2. Nf3 Nc6 3. d4 cxd4 4. Nxd4 d6 5. Bc4 Nf6 6. Nc3 g6 7. O-O Bg7 8.
Be3 O-O 9. f3 Qb6 10. Qd2 Nxe4 11. fxe4 Bxd4 12. Bxd4 Nxd4 13. Qf2 Nxc2 14.
Qxb6 axb6 15. Rac1 Ne3 16. Bxf7+ Rxf7 17. Rxf7 Kxf7 18. Re1 Nc4 19. b3 Ne5 20.
a4 Be6 21. b4 Rc8 22. Nd5 0-1

[Event "Mistrzostwa Polski Niewidomych"]
[Site "Wagrowiec, ul. Jeziorna 16 OR"]
[Date "2018.??.??"]
[Round "1.13"]
[White "Stankiewicz, Edward"]
[Black "Raczek, Stanislaw"]
[Result "1/2-1/2"]
[WhiteElo "1840"]
[BlackElo "1550"]
[PlyCount "75"]
[EventDate "2018.??.??"]

1. d4 d6 2. c4 Nf6 3. Nc3 c6 4. e4 Nbd7 5. Nf3 e5 6. Be2 Be7 7. O-O O-O 8. b4
a6 9. a4 b6 10. Bd2 c5 11. bxc5 bxc5 12. d5 Ne8 13. Qc2 Nb8 14. Rfb1 f5 15. a5
f4 16. Na4 Nd7 17. Nb6 Rb8 18. Nxd7 Bxd7 19. Rb2 Nf6 20. Rab1 Qc7 21. Bc3 Bg4
22. Ng5 Bd7 23. Nf3 Bg4 24. Ne1 Bd7 25. f3 Nh5 26. Nd3 Kf7 27. Rb6 Qa7 28. Qb3
Rxb6 29. Qxb6 Qxb6 30. Rxb6 Ra8 31. Bd1 g5 32. Nb2 Ke8 33. Ba4 Bxa4 34. Nxa4
Ra7 35. Rc6 Nf6 36. Nb6 Rb7 37. Rc8+ Kf7 38. Ra8 1/2-1/2

[Event "Mistrzostwa Polski Niewidomych"]
[Site "Wagrowiec, ul. Jeziorna 16 OR"]
[Date "2018.??.??"]
[Round "1.14"]
[White "Tobolski, Michal"]
[Black "Traczyk, Tadeusz"]
[Result "0-1"]
[WhiteElo "1536"]
[BlackElo "1817"]
[PlyCount "43"]
[EventDate "2018.??.??"]

1. e4 c5 2. Nf3 Nc6 3. c3 g6 4. d4 cxd4 5. cxd4 Bg7 6. Bd3 Bxd4 7. Bb5 Bg7 8.
O-O d6 9. Nd4 Bd7 10. Nxc6 Bxc6 11. Qa4 Qd7 12. Nc3 a6 13. Bxc6 Qxc6 14. Qxc6+
bxc6 15. Na4 Nf6 16. Re1 Nd7 17. Rb1 O-O 18. Bd2 Rab8 19. Bc3 Nb6 20. Nxb6 Rxb6
21. f4 Bxc3 22. bxc3 0-1

[Event "Mistrzostwa Polski Niewidomych"]
[Site "Wagrowiec, ul. Jeziorna 16 OR"]
[Date "2018.??.??"]
[Round "1.15"]
[White "Przewoznik, Emil"]
[Black "Tyszkiewicz, Adam"]
[Result "1-0"]
[WhiteElo "1812"]
[BlackElo "1520"]
[PlyCount "58"]
[EventDate "2018.??.??"]

1. d4 c5 2. d5 d6 3. Nf3 Nf6 4. Nc3 a6 5. a4 e5 6. e4 Qa5 7. Bd2 Qb6 8. b3 Ng4
9. h3 Nf6 10. Bd3 h6 11. O-O Be7 12. Be3 Nbd7 13. Nd2 Qc7 14. f4 O-O 15. Nf3 b6
16. fxe5 Nxe5 17. Nxe5 dxe5 18. Qf3 Nh7 19. Qg3 Qd6 20. Nd1 Bg5 21. h4 Bxe3+
22. Nxe3 Nf6 23. Nc4 Qe7 24. Nxb6 Ra7 25. Nc4 Ng4 26. Na5 Rc7 27. Nc6 Qd6 28.
Na5 Qb6 29. Nc4 Qa7 1-0

[Event "Mistrzostwa Polski Niewidomych"]
[Site "Wagrowiec, ul. Jeziorna 16 OR"]
[Date "2018.??.??"]
[Round "1.16"]
[White "Skiera, Edward"]
[Black "Sargalski, Andrzej"]
[Result "0-1"]
[WhiteElo "1500"]
[BlackElo "1811"]
[PlyCount "64"]
[EventDate "2018.??.??"]

1. d4 d5 2. Nf3 Bf5 3. e3 e6 4. Bd3 Bxd3 5. Qxd3 Qd6 6. Nc3 Nf6 7. h3 c5 8.
dxc5 Qxc5 9. Qb5+ Qc6 10. Qxc6+ Nxc6 11. a3 Rc8 12. O-O Bd6 13. Bd2 a6 14. Rac1
b5 15. Ne2 O-O 16. Ned4 Ne4 17. Nxc6 Rxc6 18. Rfd1 Rfc8 19. c3 Nc5 20. Nd4 R6c7
21. f3 g6 22. Be1 Na4 23. Rb1 Bc5 24. Bf2 Bxa3 25. bxa3 Nxc3 26. Bg3 Rc4 27.
Be5 Nxd1 28. Rxd1 Rc1 29. Rxc1 Rxc1+ 30. Kh2 Rc3 31. e4 dxe4 32. Nxb5 exf3 0-1

[Event "Mistrzostwa Polski Niewidomych"]
[Site "Wagrowiec, ul. Jeziorna 16 OR"]
[Date "2018.??.??"]
[Round "1.17"]
[White "Baryla, Damian"]
[Black "Spychala, Jozefa"]
[Result "1-0"]
[WhiteElo "1811"]
[BlackElo "1493"]
[PlyCount "25"]
[EventDate "2018.??.??"]

1. e4 c5 2. Nf3 d6 3. d4 cxd4 4. Nxd4 a6 5. Be2 Nf6 6. Nc3 e5 7. Nb3 Nc6 8. Be3
b5 9. Nd5 Nxe4 10. Bb6 Qg5 11. Nc7+ Kd7 12. Nxa8 Qxg2 13. Bf3 1-0

[Event "Mistrzostwa Polski Niewidomych"]
[Site "Wagrowiec, ul. Jeziorna 16 OR"]
[Date "2018.??.??"]
[Round "1.18"]
[White "Bialas, Stanislaw"]
[Black "Debowska, Teresa"]
[Result "0-1"]
[WhiteElo "1477"]
[BlackElo "1802"]
[PlyCount "62"]
[EventDate "2018.??.??"]

1. e4 d5 2. e5 d4 3. c3 e6 4. Nf3 d3 5. b4 a6 6. Nd4 c5 7. bxc5 Bxc5 8. Qg4 g6
9. Ba3 Bxa3 10. Nxa3 Qd5 11. Nf3 Nc6 12. Nc4 Qd8 13. Nd6+ Kf8 14. Qf4 Qe7 15.
g3 Kg7 16. Bg2 h5 17. Nd4 Nxd4 18. Qxd4 h4 19. Rb1 hxg3 20. fxg3 Qg5 21. O-O
Nh6 22. Nxc8 Raxc8 23. Rxb7 Qxd2 24. c4 Rcd8 25. Qa1 Qe3+ 26. Kh1 Nf5 27. Rxf5
gxf5 28. h3 Qxg3 29. Rb3 Qf2 30. Qg1 Qxg1+ 31. Kxg1 d2 0-1

[Event "Mistrzostwa Polski Niewidomych"]
[Site "Wagrowiec, ul. Jeziorna 16 OR"]
[Date "2018.??.??"]
[Round "1.19"]
[White "Hornik, Bronislaw"]
[Black "Inglot, Marian"]
[Result "1-0"]
[WhiteElo "1797"]
[BlackElo "1451"]
[PlyCount "45"]
[EventDate "2018.??.??"]

1. e4 e5 2. Nf3 Nc6 3. Bb5 a6 4. Ba4 Nf6 5. O-O Bc5 6. d3 O-O 7. Bg5 Be7 8.
Bxc6 bxc6 9. Nxe5 d6 10. Nxc6 Qd7 11. Nxe7+ Qxe7 12. Nc3 h6 13. Nd5 Qe6 14.
Bxf6 gxf6 15. Nxc7 Qd7 16. Nxa8 Qc6 17. Qf3 Qxa8 18. Qxf6 Kh7 19. f4 Qa7+ 20.
Kh1 Rg8 21. f5 Qb7 22. Rf3 Qxb2 23. Qxb2 1-0

[Event "Mistrzostwa Polski Niewidomych"]
[Site "Wagrowiec, ul. Jeziorna 16 OR"]
[Date "2018.??.??"]
[Round "1.20"]
[White "Loroch, Zygfryd"]
[Black "Barnowski, Sylwester"]
[Result "1/2-1/2"]
[WhiteElo "1427"]
[BlackElo "1787"]
[PlyCount "49"]
[EventDate "2018.??.??"]

1. e4 e6 2. Nc3 d5 3. d3 d4 4. Nce2 e5 5. g3 Bg4 6. Bg2 Bb4+ 7. Bd2 Bxd2+ 8.
Qxd2 Qd6 9. Bf3 Bxf3 10. Nxf3 f6 11. O-O Ne7 12. a3 Nbc6 13. Rac1 g5 14. c3
dxc3 15. Rxc3 h5 16. Rfc1 h4 17. Qc2 hxg3 18. hxg3 Qd7 19. Qd1 Qh3 20. Nh4 gxh4
21. Qf1 hxg3 22. Qxh3 gxf2+ 23. Kg2 Rxh3 24. Kxh3 Kd7 25. Rf1 1/2-1/2

[Event "Mistrzostwa Polski Niewidomych"]
[Site "Wagrowiec, ul. Jeziorna 16 OR"]
[Date "2018.??.??"]
[Round "1.21"]
[White "Niecko, Stanislaw"]
[Black "Czarnecki, Zbigniew"]
[Result "1-0"]
[WhiteElo "1770"]
[BlackElo "1337"]
[PlyCount "29"]
[EventDate "2018.??.??"]

1. e4 e5 2. Nf3 Nc6 3. Bb5 a6 4. Ba4 Nf6 5. O-O d6 6. d4 b5 7. Bb3 Be7 8. c3
O-O 9. d5 Na5 10. Bc2 c6 11. b4 Nc4 12. Bg5 cxd5 13. exd5 Bb7 14. Bxf6 Bxf6 15.
Qd3 1-0

[Event "Mistrzostwa Polski Niewidomych"]
[Site "Wagrowiec, ul. Jeziorna 16 OR"]
[Date "2018.??.??"]
[Round "1.22"]
[White "Jagiello, Adolf"]
[Black "Huzarski, Stanislaw"]
[Result "0-1"]
[WhiteElo "1278"]
[BlackElo "1758"]
[PlyCount "52"]
[EventDate "2018.??.??"]

1. e4 c5 2. Nf3 Nc6 3. Nc3 d6 4. d3 Nf6 5. Be2 g6 6. h3 Bg7 7. Bd2 O-O 8. Nh2
Nd4 9. Nf3 Nxe2 10. Qxe2 Bd7 11. Nd1 b5 12. O-O Bc6 13. c3 Rc8 14. Ne3 e6 15.
Ne1 Qc7 16. f4 c4 17. Qf3 cxd3 18. Nxd3 Nxe4 19. Qf2 Nxf2 20. Rxf2 Be4 21. Ne1
d5 22. Nf1 d4 23. Ng3 dxc3 24. Rc1 cxd2 25. Rxc7 dxe1=Q+ 26. Nf1 Bd4 0-1

[Event "Mistrzostwa Polski Niewidomych"]
[Site "Wagrowiec, ul. Jeziorna 16 OR"]
[Date "2018.??.??"]
[Round "1.23"]
[White "Mettel, Werner"]
[Black "Lazuka, Jan"]
[Result "1-0"]
[WhiteElo "1752"]
[BlackElo "1274"]
[PlyCount "41"]
[EventDate "2018.??.??"]

1. e4 e5 2. Nf3 Nc6 3. Bb5 Nge7 4. O-O a6 5. Ba4 b5 6. Bb3 h6 7. c3 Bb7 8. Re1
Ng6 9. d3 Qf6 10. Nbd2 Be7 11. Nf1 O-O 12. Ne3 Bc5 13. Nd5 Qd6 14. Be3 Bxe3 15.
Nxe3 Na5 16. Bc2 Qf6 17. Qd2 d6 18. Rad1 Rad8 19. c4 Nc6 20. Nd5 Rd7 21. Nxf6+
1-0

[Event "Mistrzostwa Polski Niewidomych"]
[Site "Wagrowiec, ul. Jeziorna 16 OR"]
[Date "2018.??.??"]
[Round "2.1"]
[White "Przewoznik, Emil"]
[Black "Czajkowski, Adam"]
[Result "0-1"]
[WhiteElo "1812"]
[BlackElo "2223"]
[PlyCount "28"]
[EventDate "2018.??.??"]

1. d4 Nf6 2. Nf3 g6 3. Nc3 d5 4. Qd3 Bg7 5. e4 dxe4 6. Nxe4 Nxe4 7. Qxe4 O-O 8.
Bf4 c5 9. c3 cxd4 10. Nxd4 e5 11. O-O-O exd4 12. Be5 Qe7 13. cxd4 Bf5 14. Qf4
Rc8+ 0-1

[Event "Mistrzostwa Polski Niewidomych"]
[Site "Wagrowiec, ul. Jeziorna 16 OR"]
[Date "2018.??.??"]
[Round "2.2"]
[White "Dukaczewski, Piotr"]
[Black "Baryla, Damian"]
[Result "1-0"]
[WhiteElo "2221"]
[BlackElo "1811"]
[PlyCount "38"]
[EventDate "2018.??.??"]

1. Nf3 d5 2. g3 Nf6 3. Bg2 g6 4. O-O Bg7 5. d3 O-O 6. c3 c6 7. Qc2 Re8 8. e4 e5
9. Re1 Qc7 10. Nbd2 Nbd7 11. a4 a5 12. b4 axb4 13. cxb4 d4 14. Nb3 Qb6 15. Bd2
Bf8 16. Reb1 Qd8 17. Na5 Nb8 18. Nc4 Bd6 19. a5 Bc7 {(27)} 1-0

[Event "Mistrzostwa Polski Niewidomych"]
[Site "Wagrowiec, ul. Jeziorna 16 OR"]
[Date "2018.??.??"]
[Round "2.3"]
[White "Sargalski, Andrzej"]
[Black "Stachanczyk, Jacek"]
[Result "1/2-1/2"]
[WhiteElo "1811"]
[BlackElo "2193"]
[PlyCount "69"]
[EventDate "2018.??.??"]

1. e4 c5 2. Nf3 d6 3. Bb5+ Bd7 4. Bxd7+ Qxd7 5. c4 Nf6 6. Nc3 g6 7. d4 cxd4 8.
Nxd4 Bg7 9. O-O O-O 10. f3 Rc8 11. b3 d5 12. exd5 Nxd5 13. Nxd5 e6 14. Bh6 exd5
15. Bxg7 Kxg7 16. Nb5 dxc4 17. Nd6 Rd8 18. Nxb7 Qxd1 19. Rfxd1 Rxd1+ 20. Rxd1
cxb3 21. axb3 Nc6 22. Rd7 a5 23. Nd6 Ne5 24. Rb7 Ra6 25. f4 Rxd6 26. fxe5 Re6
27. Rb5 Rc6 28. Rxa5 Rb6 29. Ra7 Kf8 30. Kf2 Rxb3 31. e6 fxe6 32. Rxh7 Ra3 33.
h4 Rb3 34. g3 Rd3 35. Rc7 1/2-1/2

[Event "Mistrzostwa Polski Niewidomych"]
[Site "Wagrowiec, ul. Jeziorna 16 OR"]
[Date "2018.??.??"]
[Round "2.4"]
[White "Debowska, Teresa"]
[Black "Suder, Ryszard"]
[Result "1/2-1/2"]
[WhiteElo "1802"]
[BlackElo "2063"]
[PlyCount "67"]
[EventDate "2018.??.??"]

1. e4 d6 2. d4 Nf6 3. Bd3 e5 4. c3 d5 5. dxe5 Nxe4 6. Nd2 Nc5 7. Bb1 Nc6 8.
Ngf3 Bg4 9. h3 Bh5 10. g4 Bg6 11. b4 Nd3+ 12. Bxd3 Bxd3 13. Nb3 Be4 14. O-O f6
15. e6 Bd6 16. Nfd4 Nxd4 17. Nxd4 c5 18. bxc5 Bxc5 19. Qa4+ Kf8 20. Ba3 b6 21.
Rfe1 Qd6 22. Bxc5 bxc5 23. Qc6 Qxc6 24. Nxc6 h5 25. g5 fxg5 26. Ne5 Rh6 27.
Nd7+ Ke7 28. Nxc5 Rc8 29. Nxe4 dxe4 30. Rxe4 Rxc3 31. Ra4 Rxe6 32. Rxa7+ Kf6
33. Kg2 Re2 34. Rb1 1/2-1/2

[Event "Mistrzostwa Polski Niewidomych"]
[Site "Wagrowiec, ul. Jeziorna 16 OR"]
[Date "2018.??.??"]
[Round "2.5"]
[White "Migala, Andrzej"]
[Black "Hornik, Bronislaw"]
[Result "1-0"]
[WhiteElo "2030"]
[BlackElo "1797"]
[PlyCount "43"]
[EventDate "2018.??.??"]

1. e4 d6 2. d4 g6 3. Nf3 Bg7 4. Be3 Nd7 5. Nc3 e5 6. h3 Ne7 7. Qd2 Nc6 8. d5
Ne7 9. Bh6 O-O 10. g4 a5 11. Be2 Nc5 12. O-O-O Bd7 13. Qe3 Qe8 14. Bxg7 Kxg7
15. Nxe5 Nxd5 16. Rxd5 c6 17. Nxd7 cxd5 18. Qd4+ f6 19. Nxf8 Qe5 20. Qxe5 fxe5
21. Nxd5 Rxf8 22. f3 1-0

[Event "Mistrzostwa Polski Niewidomych"]
[Site "Wagrowiec, ul. Jeziorna 16 OR"]
[Date "2018.??.??"]
[Round "2.6"]
[White "Huzarski, Stanislaw"]
[Black "Pawelec, Bartosz"]
[Result "1/2-1/2"]
[WhiteElo "1758"]
[BlackElo "1995"]
[PlyCount "87"]
[EventDate "2018.??.??"]

1. e4 c6 2. d4 d5 3. Nc3 dxe4 4. Nxe4 Nd7 5. Bg5 Ngf6 6. Nc3 Qa5 7. Qd2 e5 8.
dxe5 Qxe5+ 9. Kd1 Bb4 10. Nf3 Bxc3 11. bxc3 Qd5 12. Bd3 O-O 13. Re1 Ng4 14. Bf4
Nc5 15. h3 Nxd3 16. cxd3 Nf6 17. Re5 Qd7 18. c4 Re8 19. Ke2 Nh5 20. Bh2 Rxe5+
21. Nxe5 Qd4 22. Rd1 Be6 23. Nf3 Qc5 24. Qg5 Qxg5 25. Nxg5 Bd7 26. Kf1 c5 27.
Ne4 b6 28. Be5 f6 29. Bh2 f5 30. Nc3 f4 31. Re1 Bf5 32. Ne4 Rd8 33. Ke2 Rd4 34.
Kd2 h6 35. f3 Kf7 36. Bg1 Rd8 37. Bf2 Nf6 38. g3 fxg3 39. Bxg3 Bxh3 40. Nd6+
Kf8 41. Re2 Nh7 42. Bh4 g5 43. Bg3 Nf6 44. Be5 1/2-1/2

[Event "Mistrzostwa Polski Niewidomych"]
[Site "Wagrowiec, ul. Jeziorna 16 OR"]
[Date "2018.??.??"]
[Round "2.7"]
[White "Wolanski, Michal"]
[Black "Niecko, Stanislaw"]
[Result "1/2-1/2"]
[WhiteElo "1952"]
[BlackElo "1770"]
[PlyCount "64"]
[EventDate "2018.??.??"]

1. c4 Nf6 2. g3 d5 3. cxd5 Nxd5 4. Bg2 e5 5. Nc3 Be6 6. Nf3 Nc6 7. O-O Be7 8.
d4 Nxd4 9. Nxd4 exd4 10. Qxd4 Bf6 11. Qa4+ Bd7 12. Qe4+ Ne7 13. Nd5 Bc6 14.
Nxf6+ gxf6 15. Qc4 Bxg2 16. Kxg2 Qd5+ 17. Qxd5 Nxd5 18. e4 Nb6 19. Bf4 c6 20.
Rfd1 Rd8 21. Rxd8+ Kxd8 22. Rd1+ Ke7 23. Rd3 Rd8 24. Ra3 Nc8 25. Kf3 a6 26. Rb3
Rd7 27. Kg4 Na7 28. a4 Nc8 29. Kf5 b6 30. Be3 c5 31. Rc3 c4 32. Kf4 h5 1/2-1/2

[Event "Mistrzostwa Polski Niewidomych"]
[Site "Wagrowiec, ul. Jeziorna 16 OR"]
[Date "2018.??.??"]
[Round "2.8"]
[White "Kardasz, Wladyslaw"]
[Black "Wojcieszyn, Zdzislaw"]
[Result "1/2-1/2"]
[WhiteElo "1742"]
[BlackElo "1887"]
[PlyCount "73"]
[EventDate "2018.??.??"]

1. e4 c5 2. Nf3 Nc6 3. d4 cxd4 4. Nxd4 g6 5. Be3 Bg7 6. Nxc6 bxc6 7. Bd4 Nf6 8.
Bd3 O-O 9. O-O d6 10. c4 c5 11. Bc3 Qc7 12. f4 Bb7 13. Qe2 e6 14. Nd2 Rad8 15.
Nf3 Rfe8 16. Ng5 Nh5 17. Bxg7 Nxg7 18. Qg4 h6 19. Nf3 Qe7 20. Rae1 Qf6 21. b3
Bc8 22. Qh4 Qxh4 23. Nxh4 d5 24. exd5 exd5 25. cxd5 Rxd5 26. Bc4 Rd6 27. Rxe8+
Nxe8 28. Re1 Kf8 29. Kf2 Nf6 30. h3 Rd2+ 31. Re2 Ne4+ 32. Ke3 Rxe2+ 33. Bxe2
Nc3 34. a3 Ke7 35. Bc4 f6 36. g3 Nb1 37. a4 1/2-1/2

[Event "Mistrzostwa Polski Niewidomych"]
[Site "Wagrowiec, ul. Jeziorna 16 OR"]
[Date "2018.??.??"]
[Round "2.9"]
[White "Staruch, Roman"]
[Black "Mettel, Werner"]
[Result "1/2-1/2"]
[WhiteElo "1880"]
[BlackElo "1752"]
[PlyCount "47"]
[EventDate "2018.??.??"]

1. e4 Nc6 2. d4 d6 3. Bc4 e6 4. f4 Be7 5. Nf3 Nf6 6. Nc3 O-O 7. O-O d5 8. exd5
exd5 9. Bd3 Nb4 10. a3 Nxd3 11. Qxd3 c6 12. Bd2 Re8 13. Rae1 Qc7 14. Rf2 Bd7
15. Ne5 Qc8 16. Bc1 Bf5 17. Qd1 Bd6 18. Qf3 Ne4 19. Nxe4 Bxe4 20. Qh5 Qf5 21.
Qxf5 Bxf5 22. Rfe2 Be4 23. Nd3 Re6 24. Nc5 1/2-1/2